00601nam a2200169 i 4500001000700000003000900007005001700016008004100033110002700074245006500101260005400166300002100220490003900241610002700280830004100307852008300348185073ES-MaACL20250811102340.0160317s1914 es |||| | spa d2 aAteneo de El Salvador.10aLeyes del Ateneo de El Salvador : bciencias, letras, artes. aSan Salvador : b[s.n.], c1914 (fImp. Nacional) a48 p. ; c18 cm.1 aBiblioteca del Ateneo del Salvador24aAteneo de El Salvador.10aBiblioteca del Ateneo de El Salvador aES-MaACLjT-1405-F-3 z- Enc. en un vol. facticio, conservando cub. original